000 00410nam a2200169Ia 4500
008 230524s9999 xx 000 0 und d
020 _a9788122433517
082 _a624.15136
_bVEN
100 _aC.Venkatramaiah
245 0 _aGeotechnical Engineering
250 _a4
260 _aNew Delhi
_bNew Age Int.
_c2014
300 _a"xx,951p;"
500 _aQuantity Number: 7
650 _aCivil
942 _cBK
999 _c55598
_d55598